000 00681nac a22002051u 4500
008 100906t xxu||||| |||| 00| 0 eng d
010 _a99068216
020 _a0789722526
020 _a9780789722522
082 0 0 _a004.68
_bDER
_222
100 _aDerfler, Frank J.
_918262
245 1 0 _aPractical networking /
_cFrank J. Derfler, Jr.
260 _aIndianapolis, Ind. :
_bQue,
_cc2000.
300 _aix, 543 p. :
_bill. ;
_c24 cm.
500 _aIncludes index.
650 0 _aLocal area networks (Computer networks)
_918263
650 0 _aWide area networks (Computer networks)
_918264
650 0 _aInternetworking (Telecommunication)
_918265
942 _cBB
_k004.68 DER
_2ddc
999 _c625
_d625